[Event "DEN-ch U14 rapid"]
[Site "Odense"]
[Date "2020.11.20"]
[Round "3"]
[White "Voldsgaard, Nicholas"]
[Black "Fredensborg Nielsen, Maja Merete"]
[Result "1-0"]
[WhiteElo "1032"]
[BlackElo "1000"]
[PlyCount "55"]
[EventDate "2020.11.20"]
[EventType "swiss"]
[EventRounds "5"]
[EventCountry "DEN"]
[SourceTitle "EXT 2024"]
[Source "ChessBase"]
[SourceDate "2023.10.10"]
[SourceVersion "1"]
[SourceVersionDate "2023.10.10"]
[SourceQuality "1"]

1. e4 Nf6 2. Nc3 Nc6 3. Nf3 e5 4. Bc4 Bc5 5. d3 d6 6. h3 Bd7 7. Bg5 h6 8. Bh4 g5 9. Bg3 Qe7 10. Qd2 b6 11. Nd5 Qd8 12. c3 a6 13. b4 b5 14. bxc5 bxc4 15. cxd6 cxd6 16. h4 g4 17. Nxf6+ Qxf6 18. Nh2 Rb8 19. 0-0 cxd3 20. Qxd3 Bc8 21. Rab1 Rb7 22. Qxa6 Kd7 23. Rxb7+ Bxb7 24. Qxb7+ Kd8 25. Qxc6 Qe6 26. Rd1 Qxa2 27. Qxd6+ Ke8 28. Qd8# 1-0